Obálka
Pro půjčování e-knih musíte být přihlášeni.
Jak si půjčit online?

Bláznův kabát. Verše a songy /

Původní EP album 0 39 9808 " Josef Kainar Bláznův kabát. Verše a songy" vydal Supraphon v rámci Klubu přátel poezie v roce 1972 - nyní verše v podání JOSEFA ABRHÁMA a songy v podání dalších sólistů a interpretů vychází poprvé digitálně, bohužel bez snímku Houpací židle (Rockin´ Chair), jeh...

Celý popis

Uloženo v:
Hlavní autor: Kainar, Josef (Autor)
Další autoři: Abrhám, Josef (Autor)
Médium: E-audiokniha
Vydáno: Praha : Supraphon a.s., 2025
Tagy:
Žádné tagy
LEADER 01687nim a22003017i 4500
001 302477
007 sr nunnnnnnned
024 |a 099925427504 
044 |a xr 
100 1 |a  Kainar, Josef  |4 aut 
245 1 0 |a Bláznův kabát. Verše a songy /  |c  Kainar, Josef 
264 1 |a Praha :  |b Supraphon a.s.,  |c 2025 
300 |a 1 online zdroj (12 min., 17 sek.) 
336 |a mluvené slovo  |b spw  |2 rdacontent 
337 |a audio  |b s  |2 rdamedia 
338 |a online zdroj  |b cr  |2 rdacarrier 
505 0 0 |t Staroslověnská mše (1 min., 56 sek.) 
505 0 0 |t Flanderská píseň (2 min., 51 sek.) 
505 0 0 |t Topiči velkých lokomotiv. Báseň (0 min., 29 sek.) 
505 0 0 |t Budete zlá (1 min., 16 sek.) 
505 0 0 |t Stříhali dohola malého chlapečka. Báseň (1 min., 30 sek.) 
505 0 0 |t Pomalu plyne proud - Já vrátím se zpátky (Darling Nelly Gray - Carry Me Back To Old Virginny) (4 min., 18 sek.) 
520 2 |a Původní EP album 0 39 9808 " Josef Kainar Bláznův kabát. Verše a songy" vydal Supraphon v rámci Klubu přátel poezie v roce 1972 - nyní verše v podání JOSEFA ABRHÁMA a songy v podání dalších sólistů a interpretů vychází poprvé digitálně, bohužel bez snímku Houpací židle (Rockin´ Chair), jehož český text nebyl originálním nakladatelem autorizován. 
700 1 |a  Abrhám, Josef  |4 nrt 
910 |a RBIT002 
998 |d 426743  |a https://core.palmknihy.cz/api/books/426743/cover?telfss  |b https://core.palmknihy.cz/api/books/426743/cover/400?telfss  |c https://core.palmknihy.cz/api/books/426743/cover/50?telfss  |e 2099-01-01  |i 099925427504  |l 737  |q 49  |r 1  |s https://www.palmknihy.cz/kniha/426743  |t audiobook  |y 2025  |z 1 
999 |d 302475